| 000 | 00596nam a2200181Ia 4500 | ||
|---|---|---|---|
| 008 | 090124s9999 xx 000 0 und d | ||
| 082 | _b24195 | ||
| 100 | _aकेळकर भालबा | ||
| 245 | _a शोध आणि शोधक भाग 2 रा | ||
| 250 | _a0 | ||
| 260 |
_bमीनल प्रकाशन _c1986 |
||
| 300 | _a47 | ||
| 600 | _aकेळकर भालबा | ||
| 630 | _a शोध आणि शोधक भाग 2 रा | ||
| 700 | _aकेळकर भालबा | ||
| 730 | _a शोध आणि शोधक भाग 2 रा | ||
| 942 | _cBOOK | ||
| 999 |
_c92697 _d92697 |
||